| 000 | 00791cam a2200241 a 4500 | ||
|---|---|---|---|
| 001 | 12661999 | ||
| 005 | 20250322112623.0 | ||
| 008 | 020130s2003 njua b 001 0 eng | ||
| 020 | _a0130968544 | ||
| 020 | _a9780130968548 | ||
| 050 | 0 | 0 |
_aLB1139.4 _b.C38 2003 |
| 082 | 0 | 0 |
_a372.19 _221 |
| 100 | 1 | _aCatron, Carol Elaine. | |
| 245 | 1 | 0 |
_aEarly childhood curriculum : _ba creative-play model / _cCarol E. Catron, Jan Allen. |
| 250 | _a3rd ed. | ||
| 260 |
_aUpper Saddle River, N.J. : _bMerrill/Prentice Hall, _c2003. |
||
| 300 |
_axiv, 416 p. : _bill. ; _c28 cm. |
||
| 650 | 0 |
_aEarly childhood education _xCurricula _zUnited States. |
|
| 650 | 0 | _aCreative activities and seat work. | |
| 650 | 0 |
_aChild development _zUnited States. |
|
| 700 | 1 | _aAllen, Jan. | |
| 942 |
_2lcc _cBK _e3rd Ed. _n0 |
||
| 999 |
_c5083 _d5083 |
||